[Event "Troya op 23rd"]
[Site "Canakkale"]
[Date "2015.08.09"]
[Round "2"]
[White "Hatipoglu, Metin"]
[Black "Yerden, Huseyin Eren"]
[Result "1/2-1/2"]
[WhiteElo "1783"]
[BlackElo "1683"]
[PlyCount "100"]
[EventDate "2015.08.08"]
[EventType "swiss"]
[EventRounds "9"]
[EventCountry "TUR"]
[SourceTitle "CBM 167 Extra"]
[Source "ChessBase"]
[SourceDate "2015.09.14"]
[SourceVersion "1"]
[SourceVersionDate "2015.09.14"]
[SourceQuality "1"]

1. e4 c5 2. Nf3 d6 3. d4 cxd4 4. Nxd4 Nf6 5. Nc3 a6 6. Be2 g6 7. Be3 Bg7 8. Qd2 0-0 9. Bh6 b5 10. Bxg7 Kxg7 11. f4 Bb7 12. h4 b4 13. Nd5 Bxd5 14. exd5 Qa5 15. 0-0-0 Qxd5 16. g4 Qxa2 17. Qxb4 a5 18. Qc3 e5 19. Bc4 Qa1+ 20. Kd2 Qa4 21. Nb5 d5 22. Be2 d4 23. Qc7 Na6 24. Qxe5 Rfe8 25. Qg5 Qb4+ 26. Kc1 Rxe2 27. Nxd4 Rg2 28. Nf5+ Kg8 29. Qxf6 gxf5 30. g5 Rc8 31. Rd8+ Rxd8 32. Qxd8+ Qf8 33. Qxa5 Nb4 34. Rd1 Rxc2+ 35. Kb1 Rc8 36. Qxf5 Rc5 37. Qf6 Nd5 38. Qd4 Rb5 39. Rc1 Qa8 40. Qe4 Rb8 41. Qc4 Qb7 42. Qd4 Qb4 43. Qe5 Nxf4 44. Rc4 Qxc4 45. Qxb8+ Kg7 46. Qe5+ Kf8 47. Qh8+ Ke7 48. Qf6+ Ke8 49. Qh8+ Ke7 50. Qf6+ Ke8 1/2-1/2

[Event "Troya op 23rd"]
[Site "Canakkale"]
[Date "2015.08.08"]
[Round "1"]
[White "Hajiyev, Shahin Qabil"]
[Black "Hatipoglu, Metin"]
[Result "1-0"]
[WhiteElo "1945"]
[BlackElo "1783"]
[PlyCount "83"]
[EventDate "2015.08.08"]
[EventType "swiss"]
[EventRounds "9"]
[EventCountry "TUR"]
[SourceTitle "CBM 167 Extra"]
[Source "ChessBase"]
[SourceDate "2015.09.14"]
[SourceVersion "1"]
[SourceVersionDate "2015.09.14"]
[SourceQuality "1"]

1. d4 c5 2. d5 Nf6 3. c4 d6 4. Nc3 g6 5. e4 Bg7 6. h3 0-0 7. Nf3 e6 8. Bd3 exd5 9. cxd5 a6 10. a4 Re8 11. 0-0 Nbd7 12. Re1 Qc7 13. Bf4 c4 14. Bf1 Nh5 15. Bh2 Ne5 16. Nxe5 Bxe5 17. Bxe5 Rxe5 18. Qd4 Bd7 19. Qxc4 Qb6 20. a5 Qd8 21. Re3 Nf4 22. Ne2 Bb5 23. Qb4 Nd3 24. Qd2 Nc5 25. Ng3 Bxf1 26. Rxf1 b6 27. b4 Na4 28. f4 Re7 29. e5 bxa5 30. Ne4 axb4 31. Nxd6 Nb6 32. f5 a5 33. Qd4 Rd7 34. fxg6 hxg6 35. Rf6 Nc8 36. Nxc8 Qxc8 37. e6 Qc1+ 38. Rf1 Rxd5 39. exf7+ Kh7 40. Qh4+ Kg7 41. Qf6+ Kh7 42. Rxc1 1-0